00420nam a2200133Ia 4500008004100000024001800041082001900059100005900078245004600137260002600183600002700209650003300236999001700269260210s9999 xx 000 0 und d aNot available a629.895072 MUR aMurtaza Hussain, Muhammad Junaid & Muhammad Kashif 0aControlling the Speed of 3-Phase AC Motor aKarachi:bUITU,c1997 aElectronic Engineering aBachelor of Engineering (BE) c32859d32859